Sports Quiz

Random Sports or Olympics Quiz

All Time Olympics Medal Winners Quiz Stats

 Plays Quiz Updated Nov 26, 2018

Support Sporcle.
Go Orange.
Score 0/25 Timer 04:00
0 Plays Today
Rank Team % Correct
1United States of America
99.6%
8China
96.1%
4Germany
94.3%
3Great Britain
94%
5France
93.3%
9Russia
93.2%
13Canada
91.6%
15Japan
90.4%
6Italy
88.3%
12Australia
86.2%
7Sweden
84.8%
10Norway
82.5%
2USSR
81.7%
Rank Team % Correct
16Finland
76.1%
19South Korea
69.8%
22Poland
69.4%
20Austria
67.7%
18Switzerland
67%
17Netherlands
66.3%
11East Germany
61.8%
23West Germany
56.8%
14Hungary
55.8%
21Romania
50.1%
25Bulgaria
39.4%
24Cuba
35.1%

From the Vault

50 Oscar Flicks to Click

by icecreamlady

Movies 5m
These films just really seem to click with each other.
Remove Ads.
Support Sporcle.
Get the best of Sporcle when you Go Orange. This ad-free experience offers more features, more stats, and more fun while also helping to support Sporcle. Thank you for becoming a member.

Show Comments

Extras

Top Quizzes Today


Score Distribution

Your Account Isn't Verified!

In order to create a playlist on Sporcle, you need to verify the email address you used during registration. Go to your Sporcle Settings to finish the process.

Report this User

Report this user for behavior that violates our Community Guidelines.

Details: